Письма К. Е. ... /фамилия автора неразборчива/ П. Д. Святополк-Мирскому - сообщает, что отправила для него "Сборник памяти Белин...

Доступно только в Электронных читальных залах Найти на картеНа карте
RUSMARC
00004008nac2a22002773x 450
001eec98a43-ba9c-4111-ab33-637ab8b14b33
00520231128151618.0
100##$a20231107l18981899k y0rusy50 ca
1010#$arus
102##$aRU
105##$ay z |||e|
1222#$ad18981231
$ad18991231
2001#$aПисьма К. Е. ... /фамилия автора неразборчива/ П. Д. Святополк-Мирскому - сообщает, что отправила для него "Сборник памяти Белинского", благодарит за присланный фотопортрет
$j1898-1899
215##$a3 листа
$d33 х 22,2
251##$cДело
300##$aНа папке дела: 1898 1899
300##$aЛист: 1 - реставрация
300##$aРукописный и типографский текст
461#0$100192272350-62bb-46dc-83bb-8220a1b3e7bb
$12001
$aСвятополк-Мирский Петр Дмитриевич, князь, министр внутренних дел (август 1904 г. - январь 1905 г.)
$1251
$cФонд
$1852
$j1729
462#0$1001c805a107-4c41-4482-a939-9aa544013161
$12001
$aДела постоянного хранения. 1857-1914 гг.
$vД. 1693
$1251
$cОпись
$1852
$j1
600#1$aСвятополк-Мирский
$bП. Д.
$cкнязь
$gПетр Дмитриевич
600#0$aК. Е.
600#1$aБелинский
801#0$aRU
$bGA_RF
801#1$aRU
$bГлавНИВЦ
$c20231107
$2rusmarc
801#2$aRU
$bПБ им. Б.Н. Ельцина
$c20231128
$gRCR
$2rusmarc
852##$aГА РФ
$j1693
937##$d189243941
$hГАРФ
035##$aRuPRLIB51074267
856##$uhttp://readingroom.main.prlib.ru/item.aspx?id_node=n189243941&mode=full
Формат отображения